|
|
|
|
| LEADER |
00931nam a2200205 a 4500 |
| 008 |
100117r20001999ii l 000 0 eng d |
| 020 |
|
|
|a 8170146070
|
| 040 |
|
|
|a DLC
|c DLC
|d DLC
|d BD-DhAAL
|
| 082 |
0 |
0 |
|a 346.54/082
|2 21
|
| 100 |
1 |
|
|a Varshney, P.N.
|
| 245 |
1 |
0 |
|a Banking law and practice.
|n Part 1 /
|c by P.N. Varshney ; foreword by H.C. Sarkar.
|
| 250 |
|
|
|a 18th ed.
|
| 260 |
|
|
|a New Delhi :
|b Sultan Chand & Sons,
|c 1999 [reprinted 2000].
|
| 300 |
|
|
|a 2 v. :
|b ill. ;
|c 22 cm.
|
| 541 |
1 |
|
|e 00011208
|
| 650 |
|
0 |
|a Banking law
|z India.
|
| 852 |
4 |
|
|a Ayesha Abed Library
|j General shelf
|
| 999 |
|
|
|c 7040
|d 7040
|
| 952 |
|
|
|0 0
|1 0
|2 ddc
|4 0
|6 346_540820000000000_VAR_2000
|7 0
|9 7302
|a BRACUL
|b BRACUL
|c GEN
|d 2010-01-19
|l 0
|o 346.54082 VAR
|p 3010011208
|r 2010-01-19
|t 1
|w 2010-01-19
|y BK
|
| 952 |
|
|
|0 0
|1 0
|2 ddc
|4 0
|6 346_540820000000000_VAR_2000
|7 0
|9 7303
|a BRACUL
|b BRACUL
|c GEN
|d 2010-01-19
|l 0
|o 346.54082 VAR
|p 3010011209
|r 2010-01-19
|t 2
|w 2010-01-19
|y BK
|